| 000 | 00500nam a2200169Ia 4500 | ||
|---|---|---|---|
| 999 |
_c27045 _d27045 |
||
| 003 | OSt | ||
| 005 | 20201214113753.0 | ||
| 008 | 190216s9999||||xx |||||||||||||| ||und|| | ||
| 040 | _coclc | ||
| 082 |
_a894.812 _bNAI/I |
||
| 100 |
_aNair, Cheppad Bhaskaran _97425 |
||
| 245 | 0 |
_aIndira Priyadarshini / _cCheppad Bhaskaran Nair |
|
| 260 |
_bPoorna Publication, _c1992. _aKozhikode: |
||
| 300 | _a51p | ||
| 650 | _aSahithyam | ||
| 942 |
_cBK _2ddc _h894.812 _iNAI/I _k894.812 _mNAI/I |
||